000 01400nam a2200289Ia 4500
999 _c42035
_d42035
001 8725
003 GE_BSU
005 20240529174802.0
008 181216s2011||||ge |||||||||||||| ||geo||
020 _a9789941193682
040 _cGE_BSU
041 _ageo
080 _a821.353.1-31+821.353.1-32 დ–90
100 _aდუმბაძე, ნოდარ
_91321
245 _aრჩეული ნაწარმოებები : 6 ტომად. ტ. 4, ნუ გეშინია დედა!.. :
_bრომანი. მოთხრობები /
_cნოდარ დუმბაძე ; რედ. ზურაბ აბაშიძე, მანანა ჯანელიძე, ირმა ხარშილაძე.
264 _aთბილისი :
_bპალიტრა L,
_c2011.
300 _a480 გვ. ;
_c19 სმ.
541 _h8ლ.
653 _aმოთხრობები
653 _aნუ გეშინია დედა
653 _aრომანი
653 _aრჩეული ნაწარმოებები
700 _aაბაშიძე, ზურაბ, . ,
_eრედაქტორი
_91322
700 _a ხარშილაძე, ირმა
_eრედაქტორი
_922226
700 _aჯანელიძე, მანანა
_eრედაქტორი
_91323
942 _cBK
_2udc